|
|
|
|
| LEADER |
00000nkm a2200000 a 4500 |
| 001 |
vtls011769299 |
| 003 |
SK-MaSNL |
| 005 |
20260512122259.0 |
| 007 |
kp bo |
| 008 |
230706q1908 xo g kuhun |
| 015 |
|
|
|a SNBG1908
|
| 035 |
|
|
|a urn:nbn:sk:snk-km00domw
|
| 035 |
|
|
|a urn:nbn:sk:snk-km3lynn
|
| 035 |
|
|
|a 23E654BD-C34B-49AF-A86E-7C30715E322B
|
| 040 |
|
|
|a SNK
|b slo
|c SNK
|e AACR2
|
| 041 |
0 |
|
|a hun
|
| 043 |
|
|
|a e-xo---
|
| 044 |
|
|
|a xo
|c SK
|
| 072 |
|
7 |
|a 913
|x Regionálna geografia
|2 konspekt
|
| 072 |
|
7 |
|a 72
|x Architektúra
|2 konspekt
|
| 080 |
|
|
|a 913(437.6)
|2 2011
|
| 080 |
|
|
|a 721
|2 2011
|
| 080 |
|
|
|a (084.121)
|2 2011
|
| 245 |
0 |
0 |
|a Igló
|h grafika
|b Ks. Od. vasut Nevelö és tápinzézete
|
| 260 |
|
|
|a Iglón
|b Jeszenských trafikja
|c [1908?]
|e [Budapešť?]
|f K. J. Bp.
|
| 300 |
|
|
|a 1 pohľadnica
|b čiernobiela
|c 9 x 14 cm
|
| 500 |
|
|
|a Názvové údaje prevzaté z obrazovej časti pohľadnice
|
| 520 |
8 |
|
|a Zobrazenie: V bielom orámovaní pohľad na muža, ktorý stojí na cestičke, ktorá sa esovito prehýba a smeruje k budove za ním. Po oboch stranách cestičky parčík so stromami
|
| 650 |
0 |
7 |
|a budovy
|2 SNKPH
|9 1283
|
| 651 |
|
7 |
|a Spišská Nová Ves (Slovensko)
|2 SNKPHgeo
|9 28800
|
| 655 |
|
7 |
|a miestne pohľadnice
|2 SNKPH
|9 70510
|
| 752 |
|
|
|a Slovensko
|d Spišská Nová Ves
|
| 852 |
|
|
|a Slovenská národná knižnica
|
| 958 |
|
|
|a GBN
|
| 958 |
|
|
|a ONDV
|
| 958 |
|
|
|a GC
|
| 999 |
|
|
|c 598539
|d 600469
|
| 952 |
|
|
|a SNK
|b SNK
|y PREZ
|7 0
|p 17A1222806
|o snkSP 21667
|z Pohľadnica prešla poštou.
|0 0
|1 0
|4 0
|d 2018-07-26
|f 1
|l 0
|r 2026-02-23 15:46:36
|w 2026-02-23
|